logo

Bir Sreshtho Munshi Abdur Rouf Library
Jhenaidah Cadet College

Le morte Darthur : (Record no. 10506)

MARC details
000 -LEADER
fixed length control field 00656nam a2200241 a 4500
001 - CONTROL NUMBER
JCCL Control Number 10506
003 - CONTROL NUMBER IDENTIFIER
JCCL marc code BD-JhCC
005 - DATE AND TIME OF LATEST TRANSACTION
control field 20180430181715.0
008 - FIXED-LENGTH DATA ELEMENTS--GENERAL INFORMATION
fixed length control field 180430s1967 nbu |||| b||| 000 0 eng d
035 ## - SYSTEM CONTROL NUMBER
system control number (BD-JhCC)10506
040 ## - CATALOGING SOURCE
Original cataloging agency BD-JhCC
Modifying agency BD-JhCC
041 ## - LANGUAGE CODE
Language code of Book eng
082 ## - DEWEY DECIMAL CLASSIFICATION NUMBER
Classification number 823.2
Author mark and Year GAR 1967
100 ## - MAIN ENTRY--PERSONAL NAME
Personal name Gardner, John,
Titles and other words associated with a name 1933-1982
245 ## - TITLE STATEMENT
Title Le morte Darthur :
Remainder of title notes /
Statement of responsibility, etc John Gardner,
260 ## - PUBLICATION, DISTRIBUTION, ETC. (IMPRINT)
Place of publication, distribution, etc Lincoln :
Name of publisher, distributor, etc Cliff's Notes,
Date of publication, distribution, etc 1967.
300 ## - PHYSICAL DESCRIPTION
Pagination 80 P. :
Dimensions 21 cm.
504 ## - BIBLIOGRAPHY, ETC. NOTE
Bibliography, etc Includes Bibliographical Reference.
650 ## - SUBJECT ADDED ENTRY--TOPICAL TERM
Topical term or geographic name as entry element Arthurian romances
650 ## - SUBJECT ADDED ENTRY--TOPICAL TERM
Topical term or geographic name as entry element Kings and rulers in literature
942 ## - ADDED ENTRY ELEMENTS (KOHA)
Source of classification or shelving scheme Dewey Decimal Classification
Koha item type Books
Holdings
Source of classification or shelving scheme Damaged status Not for loan Home library Current library Shelving location Date of accession Cost, normal purchase price Total Checkouts Full call number Barcode Date last seen Copy number Koha item type
Dewey Decimal Classification     JCC Rouf Library JCC Rouf Library General Stacks 04/30/2018 1.00   823.2 GAR 1967 14090 04/30/2018 C-1 Books

JCC Library | Contacts | JCC Home

Last Update on 23 September 2017
Copyright @ 2017-2020 JCC Rouf Library
Rouf Library, Jhenidah Cadet College (JCC), Bangladesh